000 00638nam a2200205Ia 4500
005 20250507130134.0
008 008 250505s9999 xx 000 0 eng d
037 _aDIS
040 _aEASL
_beng
_cEASL
041 _aeng
_2eng
084 _a0000072, PAR
_qEASL
100 _aParida Sabita
245 0 _aHalf the sky: A study of 'women of China' in the 1980s K.P. Gupta
260 _aIndia
_bDelhi University. Social Sciences. Chinese & Japanese Studies
_c1992
300 _a110p.
546 _aBoth Acc. Nos. are of same dissertation
650 _aDiss
942 _cDIS
_h0000072, PAR
999 _c1317943
_d1317943